|
|
|
|
| LEADER |
00752cam a2200241 7i4500 |
| 001 |
0000035986 |
| 005 |
20190612090000.0 |
| 007 |
##ta |
| 008 |
190508t20142014mau may |
| 020 |
# |
# |
|a 9789673881598
|
| 040 |
# |
# |
|a BNM
|
| 090 |
0 |
0 |
|a B 297.57
|b PAH (LRM)
|
| 100 |
0 |
# |
|a Pahrol Mohamad Juoi
|e author
|
| 245 |
1 |
0 |
|a Pesan Hati Untuk Hati :
|b Pahrol Mohamad Juoi.
|
| 264 |
# |
4 |
|a ♭2014.
|
| 264 |
# |
1 |
|a Kuala Lumpur:
|b Telaga Biru,
|c 2014.
|
| 300 |
# |
# |
|a xviii, 508 pages:
|b illustrations;
|c 25 cm.
|
| 336 |
# |
# |
|a text
|2 rdacontent
|
| 337 |
# |
# |
|a unmediated
|2 rdamedia
|
| 338 |
# |
# |
|a volume
|2 rdacarrier
|
| 650 |
1 |
0 |
|a Islam --
|x Customs and practices
|
| 650 |
2 |
0 |
|a Muslims --
|x Conduct of life
|
| 999 |
|
|
|a 0000040301
|b Book
|c Book
|e Business Information Centre
|